| 000 | 00562nam a22001697a 4500 | ||
|---|---|---|---|
| 003 | PILC | ||
| 005 | 20150112093445.0 | ||
| 008 | 130214t xxu||||| |||| 00| 0 eng d | ||
| 020 | _a9710858971 | ||
| 050 |
_aLB 2767.P6 _b.N721 1995 |
||
| 082 |
_aFil 344.599 _bN72 1995 |
||
| 100 |
_aNolledo, Jose N. _9438 |
||
| 245 |
_aThe Education Act of the Philippines annotated : _bwith related laws, issuances and other materials / _cJose N. Nolledo |
||
| 260 |
_aManila : National Bookstore _bRex Book Store _c1995. |
||
| 300 |
_a428 pages : _e22 cm. |
||
| 942 |
_2lcc _cBK |
||
| 999 |
_c14879 _d14879 |
||